| 000 | 00876nam a22001817a 4500 | ||
|---|---|---|---|
| 999 |
_c11218 _d11218 |
||
| 003 | AR-CdUCM | ||
| 008 | 190403b ||||| |||| 00| 0 spa d | ||
| 040 |
_aMUNICIPALIDAD PROVINCIAL DEL CUSCO _cBIBLIOTECA MUNICIPAL DEL CUSCO |
||
| 082 |
_24ed. _a909.4 / _bD18 / 1867 |
||
| 100 |
_aDrioux _928466 |
||
| 245 |
_aCompendio de la historia moderna : _bdesde la toma de Constantinopla hasta la caída del imperio de Napoleón / |
||
| 260 |
_aParís : _bDe rosa y bouret, _c1867. |
||
| 300 |
_a571 páginas ; _c18 cm. |
||
| 505 | _aContenido: Primera época: desde la toma de Constantinopla hasta la reforma (1453-1517) -- Segunda época: desde el establecimiento de la reforma hasta las guerras de religión (1517-1559) -- Tercera época: desde el tratado de westfalia hasta la revolución Francesa. | ||
| 650 |
_aHistoria moderna _912930 |
||
| 942 |
_2ddc _cLIBROS |
||
| 945 | _aacv | ||